All of The O.C. Characters - Statistics

General Stats
  • This quiz has been taken 92 times
    89 since last reset
  • The average score is 26 of 76
Answer Stats
Answer % Correct
Marissa Cooper
100%
Ryan Atwood
100%
Seth Cohen
100%
Summer Roberts
100%
Sandy Cohen
98%
Kirsten Cohen
95%
Julie Cooper
93%
Jimmy Cooper
84%
Luke Ward
82%
Taylor Townsend
80%
Caleb Nichol
70%
Johnny Harper
70%
Theresa Diaz
70%
Oliver Trask
68%
Trey Atwood
68%
Anna Stern
66%
Kevin Volchok
66%
Lindsay Gardner
61%
Zach Stevens
61%
Alex Kelly
59%
Dawn Atwood
52%
Frank Atwood
52%
Hailey Nichol
52%
Neil Roberts
52%
Sophie Cohen
48%
Dennis "Chili"
39%
Kaitlin Cooper
39%
Sadie
39%
Veronica Townsend
39%
Holly Fischer
32%
Che
27%
D.J.
27%
Gordon Bullit
27%
Matt Ramsey
27%
Carter Buckley
25%
Eddie
25%
Rebecca Bloom
25%
Charlotte Morgan
23%
Spencer Bullit
23%
Casey
20%
Eric Ward
20%
Rachel
20%
Jess
18%
Dr. Kim
14%
Max Bloom
14%
Renee Wheeler
14%
Brad Ward
11%
Dean Jack Hess
11%
Heather
11%
Lance
11%
Paul Glass
11%
Greg Hoades
9%
Gwen Harper
9%
Maya Griffin
9%
Henry Griffin
7%
Jodie
7%
Reed Carlson
7%
Taryn Baker
7%
Carson
5%
China
5%
Cindy (Aunt Cindy)
5%
Darryl
5%
Donnie
5%
Jason Spitz
5%
Natalie Bishop
5%
Pancakes
5%
Will Tutt
5%
Carrie Spitz
2%
Gabrielle
2%
Justin
2%
Mary-Sue
2%
Todd
2%
Amber
0%
Carson Ward
0%
Grady Bridges
0%
Hadley
0%
No matching quizzes found
Score Distribution
Percent of People with Each Score
Percentile by Number Answered
Your Score History
You have not taken this quiz since the last reset